1618 1872 1733 1713 1167 1093 1057 1597 1305 1176 1043 1022 1790 1876 1405 1477 1158 1096 1769 1056 1386 1171 1939 1511 1300 1667 1789 1468 1755 1882 1942 1184 1708 1993 1089 1411 1198 1920 1351 1381 1117 1996 1738 1484 1807 1653 1724 1850 1116 1907 1891 1683 1902 1225 1033 1905 1654 1057 1363 1885 1907 1919 1373 1061 1611 1697 1287 1590 1984 1441 1422 1168 1246 1468 1767 1780 1889 1304 1467 1753 1334 1578 1831 1810 1984 1831 1598 1481 1224 1453 1300 1665 1932 1452 1335 1476 1656 1291 1222 BCNSPRNW ULIB Ver.6.0+V

เปลี่ยนเป็นภาษาไทย

Change to English
 แสดงรายละเอียดบรรณานุกรม
  กลับหน้าหลัก

Brief Record : Get Marc (ISO 2709) : E-mail record : QR code < ปิดหน้าต่าง
LEADER : 00000nam 2200000uu 4500
001    13399124654
003     ULIB
008    151116s2002||||th 000 0 eng d
020    ^a9740426468
099    ^aวพ.WS115^bR236S
100 0  ^aRatikan Ngampiam
245 10 ^aSleep pattern and sleep disturbance factors of 1 to 2 year old ill children in the general pediatric unit =^bแบบแผนการนอนหลับและสิ่งรบกวนการนอนหลับของเด็กป่วยอายุ 1-2 ปี ที่รับการรักษาในหอผู้ป่วยกุมารเวชกรรม /^cRatikan Ngampiam
246 31 ^aแบบแผนการนอนหลับและสิ่งรบกวนการนอนหลับของเด็กป่วยอายุ 1-2 ปี ที่รับการรักษาในหอผู้ป่วยกุมารเวชกรรม
260    ^aBangkok :^bMahidol University^c2002
300    ^ax, 73 leaves ;^c30 cm.
500    ^aSend to Single Search
502    ^aThesis (M.N.S. (Pediatric Nursing))--Mahidol University,2002
610 20 ^aMahidol University^xDissertations
610 20 ^aMahidol University. ^bFaculty of Medicine RamathibodiHospital^xDissertations
650  0 ^aSleep^xin infancy & childhood
691    ^aM.N.S. (2002)
692    ^aPediatric Nursing (Mahidol University 2002)
700 0  ^aYuwadee Luecha,^eths.
700 0  ^aRenu Pookboonmee,^eths.
710 2  ^aMahidol University
710 2  ^aMahidol University. ^bFaculty of Medicine RamathibodiHospital
710 22 ^aMahidol University.^tThesis
710 22 ^aมหาวิทยาลัยมหิดล.^tวิทยานิพนธ์
945    ^p0^l0^i000196
999    ^aเกษร โพธิ์สุวรรณ
รายการนี้ยังไม่มีแท็ก
คุณยังไม่ได้ล็อกอิน คุณสามารถมีกิจกรรมร่วมกับเว็บไซต์ได้ แต่ต้องล็อกอินก่อน ::
  ล็อกอิน

รายการสื่อสารสนเทศ

ลำดับที่ ประเภท เลขเรียก/บาร์โค้ด สถานที่ สถานะ
1. วิทยานิพนธ์
วิทยานิพนธ์
วพ.WS115 R236S ฉ.1 
  Barcode: 000196
ห้องสมุดวิทยาเขตสวรรค์ประชารักษ์
►วิจัย
บนชั้น

BibComment


ยังไม่เคยถูกคอมเมนท์

คอมเมนท์ทรัพยากรรายการนี้
  คอมเมนท์: Sleep pattern an..


 Copyright 2026. Bcnsprnw @Library